Quizzes
Events
Quiz Creation
Community
Videos
Private Events
Remove Ads
Sign In
Join for FREE
Feedback
Dark Mode
Quiz Categories
Sports
Geography
Music
Movies
Television
Just For Fun
Miscellaneous
History
Literature
Language
Science
Gaming
Entertainment
Religion
Holiday
For Kids
Quiz Lab
Recent
Popular Today
Quiz Kudos Today
Editor Picks
Curator Picks
Quizzes by...
Day
Popularity
Type
Ratings
Length
Year
Community
Subscriptions
Recent Discussions
Orange Saloon
Badges
Playlists
Quests
Create
Leaderboards
Showdown
Live 5
Trivia Bingo
Activity
Puzzle Library
Sporcle Events
Private Events
Virtual Trivia
Globe League
Become a Host
Pub Owners
SporcleCon
Opinionation
Our Games
Videos
Blog
Mobile Apps
Partnerships
Remove Ads and Go Orange
Feedback
Music
Pop Music
The Beatles
Song
Album
Lyrics
Bands
Singers
Artist
Clip
Rock
Rap
Classical
Billboard
Country Music
Kpop
Taylor Swift
Music
Pop Music
The Beatles
Song
Album
Lyrics
Bands
Singers
Artist
Clip
Rock
Rap
Classical
Billboard
Country Music
Kpop
Taylor Swift
Random Quiz
Search Sporcle
×
Quiz Lab
Quiz Lab
Music
Lyrics
Type in answers that appear in a list
Type in answers that appear in a list
Classic
Best Score? Go Orange.
Same Old Lang Syne lyrics by keyword Stats
Can you name key words to the lyrics to the Dan Fogelberg song 'Same Old Lang Syne'?
By
classicfumbles
10m
74 Questions
53 Plays
53 Plays
53 Plays
Comments
Comments
Give Quiz Kudos
Give Quiz Kudos
-
- Ratings
hide this ad
More Info
Replay
Link that replays current quiz
Next Quiz
Link to next quiz in quiz playlist
You Got
0%
They Got
Avg Score
87%
Avg Friend Score
Upgrade to see
Score Distribution
Jump to the score distribution portion of the page
Score
0/74
Timer
10:00
0
Plays Today
Answer
% Correct
Met my old lover
100%
in the grocery store
94.3%
the face at first
94.3%
But then her eyes
94.3%
But couldn't find
94.3%
at the liquor store
94.3%
And we drank it
94.3%
in her car
94.3%
But neither one knew how
94.3%
But in those eyes
94.3%
She said she saw me
94.3%
But the traveling was hell
94.3%
But neither one knew how
94.3%
The snow was falling,
92.5%
in the frozen foods
92.5%
She didn't recognize
92.5%
She went to hug me
92.5%
And we laughed until we cried
92.5%
She said she'd married her
92.5%
But she didn't
92.5%
in the record store
92.5%
And that I must be doing well
92.5%
I said the audience was heavenly
92.5%
She gave a kiss to me
92.5%
I was back at school
92.5%
And felt that old familiar pain
92.5%
The snow turned into rain
92.5%
Christmas Eve
90.6%
We took her groceries
90.6%
she loved the man
90.6%
on the sleeve
88.7%
and she spilled her purse
88.7%
We stood there
88.7%
an open bar
88.7%
We drank a toast to now
88.7%
She would have liked to say
88.7%
And that her eyes were
88.7%
Answer
% Correct
We drank a toast to now
88.7%
as I got out
88.7%
Just for a moment
88.7%
I stole behind her
86.8%
flew open wide
86.8%
We drank a toast to innocence
86.8%
like to lie
86.8%
I said the years had been
86.8%
still as blue
86.8%
We drank a toast to innocence
86.8%
We drank a toast to innocence
86.8%
And I touched her
84.9%
to the checkout stand
84.9%
an architect
84.9%
Who kept her
84.9%
warm and safe and dry
84.9%
a friend to her
84.9%
doubt or gratitude
84.9%
We drank a toast to time
84.9%
Another 'Auld Lang Syne'
84.9%
And I watched her drive away
84.9%
The food was totaled up and bagged
83%
We bought a six-pack
83%
I wasn't sure if I saw
83%
And as I turned
83%
lost in our embarrassment
81.1%
We went to have ourselves a drink or two
81.1%
As the conversation dragged
77.4%
And running out of things to say
77.4%
the emptiness
75.5%
the emptiness
75.5%
And tried to reach beyond
73.6%
And tried to reach beyond
73.6%
to make my way back home
73.6%
The beer was empty
71.7%
and our tongues were tied
69.8%
Reliving in our eloquence
60.4%
Quiz Playlist
Details
Report
Send in Message
Add To Playlist
More Info:
You don't have to name every single word, just the key ones. Song on youtube: https://www.youtube.com/watch?v=Ar9Ip7pSqEg
Classic:
Type in answers that appear in a list
Quiz Source
Last Updated: Feb 16, 2017
Quiz Scoreboard
CHALLENGE
Sign Up to Join the Scoreboard
Show All
Scores
Hide
Comments
May contain spoilers
Recently Published
Billboard Blitz: Fleetwood Mac
by CooCooCachoo
Music
15s
Presidents Visiting Landmarks
by Hejman
History
7m
An Introduction to Baseball
by treessimontrees
Sports
5m
More to Explore
Quiz From the Vault
Featured Blog Post
Where Did the Easter Bunny Come From?
hide this ad
You Might Also Like...
Tags
Lyrics Quiz
Today's Top Quizzes in Music
Browse Music
hide this ad
Today's Top Quizzes in Lyrics
Browse Lyrics
Top Contributed Quizzes in Music
1
Taylor Swift All Songs (2024)
2
Guess the Artist- 70s Songs
3
7-to-1: Billboard Hot 100 #1 Hits of 2010s
4
Sorting Albums and Songs
5
Taylor Swift Logic Puzzle
6
KPOP LOGIC QUIZ
7
2010s Album by Cover III
8
One Thing in Common: Music
9
Guess the Taylor Swift song (Mystery Song)
10
Guess The Taylor Swift Lyrics Song #1
Explore More
Trending Topics
Crossword
Harry Potter
Anime
Disney
Kpop
NBA
Marvel
Puzzle
Pokémon
The Office
Soccer
Country
NFL
WWE
Song
hide this ad
More By:
classicfumbles
Quiz
Plays
Rating
Category
Featured
Created
History of Computing Hardware
42,039
4.50
Science
Jul 25, 2017
The Middle TV show trivia (CLICKABLE)
2,954
4.50
Television
Nov 7, 2014
Modern Family: Who Said It? Season 1
2,236
5.00
Television
Jul 2, 2016
TV Shows via Modern Family (slideshow)
2,209
4.56
Television
Dec 19, 2015
Modern Family: Who Said It? Season 6
1,830
5.00
Television
Jul 2, 2016
Go to Creator's Profile
Score Distribution
Quiz Creator Spotlight
classicfumbles
Follow
Send a Message
Quizzes Created
-
Created Quiz Play Count
-
More By This Creator
Popular Quizzes Today
1
Find the US States - No Outlines Minefield
2
Find the Countries of Europe - No Outlines Minefield
3
The Countries of the World
4
Find the US States
5
US States
6
Risky Map Clicking: Biggest States A-Z
7
Popular People in 1961
8
Movies - When Are They Set?
More Music Quizzes
Set of Twins Music Videos
Curator's Pick
Trending Quizzes
Risky Map Clicking: Least Populous States A-Z
1-10 Letter G Words
1-10 Letter F Words
Risky Map Clicking: Next State Alphabetically
Risky Map Clicking: Biggest States A-Z
Recently Updated
Leaping Animals
pecheneg
Reality TV Shows (A-Z)
bhenderson79
Rickey Henderson's Hall of Fame Teammates
pecheneg
Champions League XIs: Arsenal
pecheneg
Quick Pick: Celebrities in WWE's Hall of Fame
aduchscher
A-Z Keypad Blitz II
pecheneg
Multiple Oscar Actors
pecheneg
Mystery Phrase Blitz: Oscar 'Best Actors'
pecheneg
F. Scott Fitzgerald Novels
LTH
Pick 3 Villains
ddd62291
Trending Topics
Kpop
Disney
Anime
Marvel
Harry Potter
NBA
Crossword
Pokémon
The Office
WWE
Puzzle
NFL
Soccer
Song
Country
Your Account Isn't Verified!
In order to create a playlist on Sporcle, you need to verify the email address you used during registration. Go to your
Sporcle Settings
to finish the process.
Report this User
Report this user for behavior that violates our
Community Guidelines
.
Details:
Send Report
Go to the Sporcle.com Mobile Site →
Comments